000
00324nam a2200133Ia 4500
005
20260328101521.0
008
260328s9999||||xx |||||||||||||| ||und||
100
_a
Zeiger, Mimi
245
0
_a
Micro green :
_b
Tuny Houses in Nature /
_c
Mimi Zeiger
260
_b
Rizzoli
300
_a
222 p.
650
_a
VIVIENDA
942
_c
BK
999
_c
9603
_d
9603